KOHA-Header-6

The World of the Cell (Record no. 11976)

000 -LEADER
fixed length control field 00313nam a22001457a 4500
020 ## - INTERNATIONAL STANDARD BOOK NUMBER
ISBN 978-0805346800
082 ## - DEWEY DECIMAL CLASSIFICATION NUMBER
Classification number 571.6
100 ## - MAIN ENTRY--AUTHOR NAME
Personal name Becker Kleinsmith
245 ## - TITLE STATEMENT
Title The World of the Cell
250 ## - EDITION STATEMENT
Edition statement 6th
260 ## - PUBLICATION, DISTRIBUTION, ETC. (IMPRINT)
Place of publication New York
Name of publisher Pearson
Year of publication 2006
300 ## - PHYSICAL DESCRIPTION
Number of Pages 1250
650 ## - SUBJECT ADDED ENTRY--TOPICAL TERM
Topical Term BioScience
942 ## - ADDED ENTRY ELEMENTS (KOHA)
Koha item type Books
Holdings
Withdrawn status Lost status Collection code Permanent Location Current Location Shelving location Date acquired Full call number Accession Number Koha item type
    Bio Sciences MAJU MAJU Shelf No.A37 2019-09-21 571.6 9339 Bio Science

Powered by Koha